Metallica ~ Welcome Home(Sanitarium) - Statistics

General Stats
  • This quiz has been taken 123 times
    119 since last reset
  • The average score is 132 of 212
Answer Stats
Answer % Correct
No
98%
no
98%
to
98%
we
98%
a
97%
Welcome
97%
will
97%
I
95%
on
95%
and
93%
Leave
93%
leave
93%
the
93%
where
93%
me
92%
one
90%
Sanitarium
90%
stands
88%
still
88%
time
88%
be
86%
leaves
86%
in
83%
Just
83%
(Just
83%
do
80%
see
80%
alone
78%
alone)
78%
is
78%
my
76%
you
76%
seem
75%
win
75%
locked
71%
Dream
69%
dream
69%
it
69%
thing
69%
this
69%
friend
68%
windows
68%
doors
66%
keep
66%
Keep
66%
seems
66%
Seems
66%
up
66%
brain
64%
change
64%
make
64%
never
64%
sight
64%
They
64%
they
64%
cage
63%
can
63%
night
63%
our
63%
That
63%
that
63%
every
61%
reality
61%
Can't
59%
can't
59%
freedom
59%
same
59%
well
59%
barred
58%
rage
56%
says
56%
scarred
56%
things
56%
mentally
54%
Sleep
54%
us
53%
why
53%
deranged
51%
full
49%
Moon
49%
But
47%
of
47%
out
47%
damn
46%
I'm
46%
Listen
46%
from
44%
getting
44%
hell
44%
right
44%
insane
42%
more
42%
now
42%
think
42%
air
41%
it's
41%
fear
39%
Fear
39%
hands
39%
into
39%
tell
39%
their
39%
Assuring
37%
way
37%
Whisper
37%
word
37%
better
36%
friendly
36%
Got
36%
Kill
36%
plans
36%
such
36%
there
36%
again
34%
are
34%
for
34%
living
34%
only
34%
saves
34%
some
34%
brings
32%
He's
32%
reaching
32%
violent
32%
back
31%
breathe
31%
him
31%
makes
31%
open
31%
restless
31%
mirror
29%
use
29%
what's
29%
Cannot
27%
death
27%
stares
27%
Mutiny
25%
hard
24%
that's
24%
tied
24%
heads
20%
Natives
15%
labled
12%
Build
10%
No matching quizzes found
Score Distribution
Percent of People with Each Score
Percentile by Number Answered
Your Score History
You have not taken this quiz since the last reset